Đại cương lịch sử triết học phương Đông cổ đại /
Guardat en:
| Autor principal: | |
|---|---|
| Altres autors: | , |
| Format: | Sách giấy |
| Idioma: | Vietnamese |
| Publicat: |
H. :
Giáo dục ,
1994.
|
| Matèries: | |
| Etiquetes: |
Afegir etiqueta
Sense etiquetes, Sigues el primer a etiquetar aquest registre!
|
| Thư viện lưu trữ: | Thư viện Trường Đại học Đà Lạt |
|---|
| LEADER | 00797nam a2200301 4500 | ||
|---|---|---|---|
| 001 | DLU020012017 | ||
| 005 | ##20000521 | ||
| 020 | # | # | |a 978- |
| 041 | # | # | |a vie |
| 082 | # | # | |a 180 |b Dai |
| 100 | # | # | |a Doãn Chính. |
| 245 | # | # | |a Đại cương lịch sử triết học phương Đông cổ đại / |c Doãn Chính,Vũ Tình, Trương Văn Chung. |
| 260 | # | # | |a H. : |b Giáo dục , |c 1994. |
| 300 | # | # | |a 343 tr.; |c 19 cm. |
| 653 | # | # | |a Lịch sử khoa học |
| 653 | # | # | |a Triết học cổ đại |
| 653 | # | # | |a Triết học phương Đông |
| 700 | # | # | |a Trương Văn Chung. |
| 700 | # | # | |a Vũ Tình. |
| 992 | # | # | |a 18000 |
| 994 | # | # | |a DLU |
| 900 | # | # | |a False |
| 911 | # | # | |a Administrator |
| 925 | # | # | |a G |
| 926 | # | # | |a A |
| 927 | # | # | |a SH |
| 980 | # | # | |a Thư viện Trường Đại học Đà Lạt |